Fizičeskije pribory

Na minha lista:
Detalhes bibliográficos
Autor principal: Bursian, Erik Viktorovič (Author)
Formato: Livro
Idioma:russo
Publicado em: Moskva : Prosveščenije, 1984
Tags: Adicionar Tag
Sem tags, seja o primeiro a adicionar uma tag!

MARC

LEADER 00000nam a22000003a 4500
001 stu123943
005 20150617225858.1
008 060724s1984----xxr-----------------rus-d
040 |a STU  |b slo 
041 0 |a rus 
044 |a xxr 
080 |a 53.07 
080 |a 621.3.08 
100 1 |a Bursian, Erik Viktorovič  |4 aut 
245 1 |a Fizičeskije pribory 
260 |a Moskva :  |b Prosveščenije,  |c 1984 
300 |a 270 s 
996 |b E57247  |c E*57247  |l EE10  |s P  |a 0  |w stu123943_0001